Classe Terminale A: programme obligatoire
Gespeichert in:
| 1. Verfasser: | |
|---|---|
| Format: | Buch |
| Sprache: | Französisch |
| Veröffentlicht: |
París, Francia
Bordas
1971
|
| Schriftenreihe: | Collection de Mathématiques. E. Cossart, P. Théron
|
| Schlagworte: | |
| Tags: |
Tag hinzufügen
Keine Tags, Fügen Sie den ersten Tag hinzu!
|
MARC
| LEADER | 00000nam a2200000 a 4500 | ||
|---|---|---|---|
| 001 | UCW1041 | ||
| 003 | CL-VaPUC | ||
| 005 | 20230718074418.0 | ||
| 008 | 901004e19710000FR |||||||||||||||||fre|d | ||
| 999 | |c 216019 |d 216017 | ||
| 040 | |c Pontificia Universidad Católica de Valparaíso | ||
| 082 | 0 | 4 | |a 510 BOU 1971 |2 21 |
| 100 | |a Boursin, Jean-Louis |9 428175 | ||
| 245 | 1 | 0 | |a Classe Terminale A: programme obligatoire |
| 260 | 0 | 3 | |a París, Francia |b Bordas |c 1971 |
| 300 | |a 121 páginas | ||
| 490 | 0 | |a Collection de Mathématiques. E. Cossart, P. Théron | |
| 583 | |a last modification |c 20140821 04:19:53 |k Rodrigo Vera | ||
| 650 | 0 | |a Matemática |9 260235 | |
| 650 | 0 | |a Libros de texto |9 270019 | |
| 942 | |c BK |2 ddc | ||
| 945 | |d 19901004 00:00:00 | ||
| 952 | |0 0 |1 0 |2 ddc |4 0 |6 510_000000000000000_BOU_1971 |7 0 |8 A |9 201382 |a BIBMAT |b BIBMAT |d 2019-11-14 |i 2685582 |o 510 BOU 1971 |p 2685582 |r 2025-01-07 |t 1 |w 2019-11-14 |y BK |k MAT | ||